<?xml version="1.0" encoding="UTF-8"?>
<record
    xmlns:xsi="http://www.w3.org/2001/XMLSchema-instance"
    xsi:schemaLocation="http://www.loc.gov/MARC21/slim http://www.loc.gov/standards/marcxml/schema/MARC21slim.xsd"
    xmlns="http://www.loc.gov/MARC21/slim">

  <leader>01229cam a22002891i 4500</leader>
  <controlfield tag="001">gs 35000230 </controlfield>
  <controlfield tag="003">DLC</controlfield>
  <controlfield tag="005">20260227111340.0</controlfield>
  <controlfield tag="008">790626s1935    dcua         f000 0 eng  </controlfield>
  <datafield tag="010" ind1=" " ind2=" ">
    <subfield code="a">gs 35000230 </subfield>
  </datafield>
  <datafield tag="035" ind1=" " ind2=" ">
    <subfield code="a">(OCoLC)5108910</subfield>
  </datafield>
  <datafield tag="040" ind1=" " ind2=" ">
    <subfield code="a">DLC</subfield>
    <subfield code="c">NFredU</subfield>
    <subfield code="d">DLC</subfield>
  </datafield>
  <datafield tag="042" ind1=" " ind2=" ">
    <subfield code="a">premarc</subfield>
  </datafield>
  <datafield tag="050" ind1="0" ind2="0">
    <subfield code="a">TN24.C6</subfield>
    <subfield code="b">L785 no. 178</subfield>
  </datafield>
  <datafield tag="100" ind1="1" ind2=" ">
    <subfield code="a">Lovering, T. S.</subfield>
    <subfield code="q">(Thomas Seward),</subfield>
    <subfield code="d">1896-1991.</subfield>
  </datafield>
  <datafield tag="245" ind1="1" ind2="0">
    <subfield code="a">Geology and ore deposits of the Montezuma Quadrangle, Colorado</subfield>
    <subfield code="c">/ by T. S. Lovering. Prepared in cooperation with the State of Colorado, Colorado  Metal Mining Fund, Colorado Mining Association, and Geological Survey Board of Colorado.</subfield>
  </datafield>
  <datafield tag="260" ind1=" " ind2=" ">
    <subfield code="a">Washington :</subfield>
    <subfield code="b">U.S. Govt. Print. Off.,</subfield>
    <subfield code="c">1935.</subfield>
  </datafield>
  <datafield tag="300" ind1=" " ind2=" ">
    <subfield code="a">ix, 119 p. :</subfield>
    <subfield code="b">ill. 40 pl. (part fold.; incl. maps (3 in pocket) plans, profile, tables (1 fold.)) ;</subfield>
    <subfield code="c">29 cm.</subfield>
  </datafield>
  <datafield tag="410" ind1="2" ind2="0">
    <subfield code="a">Geological Survey (U.S.).</subfield>
    <subfield code="t">Professional papers ;</subfield>
    <subfield code="v">178</subfield>
  </datafield>
  <datafield tag="500" ind1=" " ind2=" ">
    <subfield code="a">At head of title: United States Department of the Interior.</subfield>
  </datafield>
  <datafield tag="650" ind1=" " ind2="0">
    <subfield code="a">Geology</subfield>
    <subfield code="z">Colorado.</subfield>
  </datafield>
  <datafield tag="650" ind1=" " ind2="0">
    <subfield code="a">Ore deposits</subfield>
    <subfield code="z">Colorado.</subfield>
  </datafield>
  <datafield tag="710" ind1="2" ind2=" ">
    <subfield code="a">Colorado Geological Survey</subfield>
  </datafield>
  <datafield tag="710" ind1="2" ind2=" ">
    <subfield code="a">Colorado State Metal Mining Fund.</subfield>
  </datafield>
  <datafield tag="710" ind1="2" ind2=" ">
    <subfield code="a">Colorado Mining Association.</subfield>
  </datafield>
  <datafield tag="740" ind1="0" ind2=" ">
    <subfield code="a">Montezuma quadrangle.</subfield>
  </datafield>
  <datafield tag="999" ind1=" " ind2=" ">
    <subfield code="c">27210</subfield>
    <subfield code="d">27210</subfield>
  </datafield>
</record>
